La Nova revista
Descripción Física:
1 volum : periodicitat bimestral, il·lustracions en blanc i negre ; 27'5 x 20 cm
Materias:
Fons Joan Junyer i Pascual (1909-1994)
; Exiliats -- Catalunya -- Revistes
; Revistes
; Revistes a l'exili
Idioma:
Catalán
MARC
| LEADER | 00000nas a2200000 a 4500 | ||
|---|---|---|---|
| 001 | 29252 | ||
| 003 | AGDB | ||
| 005 | 20260324181545.0 | ||
| 008 | 260119b spa||||| |||| 00| 0 cat d | ||
| 040 | |a agdb |b cat | ||
| 041 | |a cat | ||
| 245 | |a La Nova revista | ||
| 260 | |a México : |b Bartomeu Costa-Amic, |c 1956 | ||
| 300 | |a 1 volum : |b periodicitat bimestral, il·lustracions en blanc i negre ; |c 27'5 x 20 cm | ||
| 500 | |a Prové del fons Joan Junyer i Pascual (1909-1994) | ||
| 650 | |a Fons Joan Junyer i Pascual (1909-1994) |9 72777 | ||
| 650 | 0 | |a Exiliats |z Catalunya |v Revistes |9 72943 | |
| 655 | 0 | |a Revistes |9 55823 | |
| 655 | 0 | |a Revistes a l'exili |9 72944 | |
| 773 | |g La Nova revista, 1955-[1958] | ||
| 856 | |u https://ahcbdigital.bcn.cat/hemeroteca/titol/nova+revista+la |y Accés lliure (Hemeroteca digital AHCB) | ||
| 866 | |a Any 2, núm. 7 (1956) | ||
| 942 | |2 udc |c ARXIU |n 1 | ||
| 952 | |0 0 |1 0 |2 udc |4 0 |6 F504383 |7 1 |9 98981 |a Arxiu |b Arxiu |d 2026-01-19 |h 1956 (núm. 7) |l 0 |o F-504-383 |p 29252 |r 2026-01-19 13:49:34 |w 2026-01-19 |y ARXIU |z Prové del fons Joan Junyer i Pascual (1909-1994) | ||
| 999 | |c 130647 |d 130647 | ||